Power of Attorney Act, 1882: (Record no. 592358)

000 -LEADER
fixed length control field 00352nam a22001097a 4500
082 ## - DEWEY DECIMAL CLASSIFICATION NUMBER
Classification number 346.5491029
Author Mark KHA
100 ## - MAIN ENTRY--PERSONAL NAME
Personal name Khan, Azhar Hanif
245 ## - TITLE STATEMENT
Title Power of Attorney Act, 1882:
Remainder of title with all amendments & up to date case law /
Statement of responsibility, etc. Azhar Hanif Khan
260 ## - PUBLICATION, DISTRIBUTION, ETC.
Place of publication, distribution, etc. Lahore :
Name of publisher, distributor, etc. Al-Noor Law Book House,
Date of publication, distribution, etc. N.A.
300 ## - PHYSICAL DESCRIPTION
Extent 61 p. ;
Dimensions 23 cm.
942 ## - ADDED ENTRY ELEMENTS (KOHA)
Source of classification or shelving scheme
Koha item type Book
Holdings
Withdrawn status Lost status Source of classification or shelving scheme Damaged status Not for loan Permanent Location Current Location Shelving location Date acquired Source of acquisition Full call number Barcode Date last seen Price effective from Koha item type
          NUST Law School (NLS) NUST Law School (NLS) Law 11/17/2022 Allied Book Company 346.5491029 KHA CL-1222 11/17/2022 11/17/2022 Book
          NUST Law School (NLS) NUST Law School (NLS) Law 11/17/2022 Allied Book Company 346.5491029 KHA CL-1223 11/17/2022 11/17/2022 Book
          NUST Law School (NLS) NUST Law School (NLS) Law 11/17/2022 Allied Book Company 346.5491029 KHA CL-1224 11/17/2022 11/17/2022 Book
          NUST Law School (NLS) NUST Law School (NLS) Law 11/17/2022 Allied Book Company 346.5491029 KHA CL-1225 11/17/2022 11/17/2022 Book
          NUST Law School (NLS) NUST Law School (NLS) Law 11/17/2022 Allied Book Company 346.5491029 KHA CL-1226 11/17/2022 11/17/2022 Book
© 2023 Central Library, National University of Sciences and Technology. All Rights Reserved.